000 00795nas a2200241 4500
001 BR9213280
003 BR-BrBNA
005 20231205095243.0
007 ta
008 230509b bl.|||p| |||| 00| 00por d
040 _aBR-BrBNA
_bpor
_cBiblioteca Nacional de Agricultura
041 _a(Pt)
072 _aH10
100 1 _aCampos, W.G. de
100 1 _aCure, J.R.
245 1 _aParasitismo em populacao natural de Myonia pyraloides Walker, 1854 (Lepidoptera, Dioptidae), em reflorestamento por Eucalyptus e loeziana
650 _aEucalipto
650 _aLepidoptero
650 _aParasitismo
773 0 _tAnais da Sociedade Entomologica do Brasil (Brazil)
_xISSN 0301-8059
_g(1992), v. 21(1) p. 241-249
_wBR9213280
909 _a202311
_bLúcia
_c55
_dLúcia Elande
942 _2AGRIS
_n0
_cANA
999 _c149622
_d149622